World Capitals Closest to Madrid - One Minute Sprint - Statistics

General Stats
  • This quiz has been taken 426 times
  • The average score is 16 of 20
Answers on the Map
Answers color-coded by a green-red scale on the quiz's map according to % correct below.
 
Answer Stats
km capital % Correct
503 Lisbon
99%
1053 Paris
97%
1363 Rome
95%
1265 London
94%
1319 Brussels
86%
1483 Amsterdam
84%
494 Andorra la Vella
84%
1153 Bern
84%
1453 Dublin
82%
771 Rabat
82%
991 Monaco
79%
719 Algiers
75%
1281 Luxembourg
73%
1385 San Marino
72%
1362 Vatican City
72%
1271 Tunis
67%
1297 Vaduz
64%
1668 Valletta
62%
1600 Ljubljana
52%
1702 Zagreb
52%
No matching quizzes found
Score Distribution
Percent of People with Each Score
Percentile by Number Answered
Your Score History
You have not taken this quiz